000 00241nam a2200097Ia 4500
082 _aEKF MULL
245 0 _aFarley farts
100 _a MULLER, Birte New York, 2003
_974206
942 _cBK
008 210817s9999 xx 000 0 und d
999 _c244216
_d244215